000 00716nam a2200229 i 4500
001 31125
003 ES-MaACL
005 20250808005045.0
007 t|
008 030128s1967 sp ||||1| spa d
100 1 _aBea, Agostino
_cCardinale.
_926763
245 1 0 _aUnidad en la libertad
_b: reflexiones sobre la familia humana /
_cCardenal Bea.
260 _a[Madrid :
_bEuroamérica,
_c1967]
300 _a302 p. ;
_c21 cm.
490 1 _aColección "Ceu". Serie "Hombre Nuevo"
650 0 4 _aPaz.
_915898
650 0 4 _aEcumenismo.
_912045
650 4 _aLibertad religiosa.
_914416
830 0 0 _aColección "Ceu".
_pHombre nuevo
_9229362
852 _aES-MaACL
_jC-33772
_bR.64786
999 _c31125
_d31125